Aller au contenu

Экономика труда учебно-методическое пособие

Содержит комплекс задач, деловых игр и ситуаций по основным разделам курса, которые формируют практическую направленность знаний в области экономики труда. Для закрепления пройденного материала по каждому занятию предусмотрены контрольные тесты. Достаточно большое количество заданий и наличие методи...

Description complète

Enregistré dans:
Détails bibliographiques
Auteur principal: Надреева Л. Л.
Autres auteurs: Богоявленская Е. Е.
Format: Книга
Langue:Russian
Publié: Казань КНИТУ-КАИ 2022
Accès en ligne:https://e.lanbook.com/book/399563
https://e.lanbook.com/img/cover/book/399563.jpg
Tags: Ajouter un tag
Pas de tags, Soyez le premier à ajouter un tag!
LEADER 02535nam0a2200301 i 4500
001 399563
003 RuSpLAN
005 20240326171826.0
008 240326s2022 ru gs 000 0 rus
020 |a 978-5-7579-2650-6 
040 |a RuSpLAN 
041 0 |a rus 
044 |a ru 
080 |a 331 
084 |a 65.24  |2 rubbk 
245 0 0 |a Экономика труда  |b учебно-методическое пособие  |c Надреева Л. Л.,Богоявленская Е. Е. 
260 |a Казань  |b КНИТУ-КАИ  |c 2022 
300 |a 128 с. 
500 |a Рекомендовано к изданию Учебно-методическим управлением КНИТУ-КАИ 
504 |a Библиогр.: доступна в карточке книги, на сайте ЭБС Лань 
520 8 |a Содержит комплекс задач, деловых игр и ситуаций по основным разделам курса, которые формируют практическую направленность знаний в области экономики труда. Для закрепления пройденного материала по каждому занятию предусмотрены контрольные тесты. Достаточно большое количество заданий и наличие методических указаний для их выполнения позволяют обеспечить качественное закрепление пройденного материала и формирование компетенций, предусмотренных рабочей программой дисциплины. Предназначено для студентов всех форм обучения направления подготовки 38.03.01 «Экономика» профиля «Экономика предприятий и организаций». Разработано в соответствии с требованиями ФГОС и рабочей программы дисциплины «Экономика труда». 
521 8 |a Книга из коллекции КНИТУ-КАИ - Экономика и менеджмент 
521 8 |a СЭБ 
100 1 |a Надреева Л. Л. 
700 1 |a Богоявленская Е. Е. 
856 4 |u https://e.lanbook.com/book/399563 
856 4 8 |u https://e.lanbook.com/img/cover/book/399563.jpg 
953 |a https://e.lanbook.com/img/cover/book/399563.jpg